000 01882nam0a2200397 4500
001 RU\NLR\BIBL_A\022613791
005 20260503053455.0
010 _a978-5-94887-210-0
_93000
021 _aRU
_bКН-П-25-040791
_9КН-П-25-3970
035 _a(NLR Aleph) 022613791
090 _a13683565
_c13683565
100 _a20250903d2025 d y0rusy50 ca
101 0 _arus
102 _aRU
105 _aa|||z|||000ay
181 0 _ai3
_baxxe
181 0 _ab2
_bbb2e
182 0 _an
200 1 _aДжон Гаф. Мальчик Шерлок Холмс
_eновые приключения юного сыщика в изложении его верного пса
_e[новые приключения
_eдля детей среднего школьного возраста]
_fперевели с собачьего: Михаил Зайцев и Сергей Белорусец (стихи)
_gрисовала Анна Гошко
203 _aТекст
_aИзображение
_bвизуальные
_cнепосредственные
210 _aМосква
_cОктопус
_d2025
215 _a109, [2] с.
_cцв. ил.
_d24
225 1 _aМальчик Шерлок Холмс
_v2
300 _aНа обл. авт. не указаны
333 _a12+
517 1 _aМальчик Шерлок Холмс
686 0 _aШ9(2)62=Р7-2
700 1 _7ca
_8rus
_aЗайцев
_bМ. Г.
_cсценарист, писатель
_f1959-
_gМихаил Георгиевич
_97155
_3RU\NLR\AUTH\7724103
701 1 _4570
_aБелорусец
_bС. М.
_f1959-
_gСергей Маркович
_9127850
_3RU\NLR\AUTH\770127875
702 1 _aГошко
_bА. В.
_gАнна В
_4440
942 _cBOOK
980 _aNB